Điều dưỡng ngoại khoa : Tài liệu giảng dạy thí điểm điều dưỡng trung học
Sách gồm những nội dung sau: 1- Điều dưỡng nội khoa. 2- Điều dưỡng ngoại khoa. 3- Điều dưỡng truyền nhiễm, thần kinh tâm thần. 4- Điều dưỡng nhi khoa. 5- Điều dưỡng sản phụ khoa. 6- Điều dưỡng cơ bản. 7- Quản lý điề...
Spremljeno u:
| Daljnji autori: | , |
|---|---|
| Format: | Knjiga |
| Jezik: | Vietnamese |
| Izdano: |
H.
Y học
2011
|
| Izdanje: | Tái bản lần thứ 5 |
| Teme: | |
| Oznake: |
Dodaj oznaku
Bez oznaka, Budi prvi tko označuje ovaj zapis!
|
| Thư viện lưu trữ: | Thư viện Trường Đại học Nam Cần Thơ |
|---|
| LEADER | 02716nam a22003377a 4500 | ||
|---|---|---|---|
| 001 | NCT_35361 | ||
| 008 | 180515b xxu||||| |||| 00| 0 vie d | ||
| 999 | |c 1707 |d 1707 | ||
| 020 | |c 75000 | ||
| 082 | 0 | 4 | |2 23rd ed. |a 617.0 |b H513 |
| 245 | 0 | 0 | |a Điều dưỡng ngoại khoa |b : Tài liệu giảng dạy thí điểm điều dưỡng trung học |c Vương Hùng, Trần Thị Thuận (biên soạn) |
| 250 | |a Tái bản lần thứ 5 | ||
| 260 | |a H. |b Y học |c 2011 | ||
| 300 | |a 324 tr. |b Hình vẽ |c 27cm | ||
| 500 | |a ĐTTS ghi: Bộ Y tế | ||
| 520 | 3 | |a Sách gồm những nội dung sau: 1- Điều dưỡng nội khoa. 2- Điều dưỡng ngoại khoa. 3- Điều dưỡng truyền nhiễm, thần kinh tâm thần. 4- Điều dưỡng nhi khoa. 5- Điều dưỡng sản phụ khoa. 6- Điều dưỡng cơ bản. 7- Quản lý điều dưỡng. | |
| 653 | |a Dược học | ||
| 700 | 1 | |a Vương Hùng |e Biên soạn | |
| 700 | 1 | |a Trần Thị Thuân |e Biên soạn | |
| 942 | |2 ddc |c BK | ||
| 952 | |0 0 |1 0 |2 ddc |4 0 |6 617_000000000000000_H513 |7 0 |9 8154 |a 000001 |b 000001 |d 2018-05-15 |o 617.0 H513 |p MD.10378 |r 2018-05-15 |v 75000.00 |w 2018-05-15 |y BK | ||
| 952 | |0 0 |1 0 |2 ddc |4 0 |6 617_000000000000000_H513 |7 0 |9 8155 |a 000001 |b 000001 |d 2018-05-15 |o 617.0 H513 |p MD.10379 |r 2018-05-15 |v 75000.00 |w 2018-05-15 |y BK | ||
| 952 | |0 0 |1 0 |2 ddc |4 0 |6 617_000000000000000_H513 |7 0 |9 8156 |a 000001 |b 000001 |d 2018-05-15 |o 617.0 H513 |p MD.10380 |r 2018-05-15 |v 75000.00 |w 2018-05-15 |y BK | ||
| 952 | |0 0 |1 0 |2 ddc |4 0 |6 617_000000000000000_H513 |7 0 |9 8157 |a 000001 |b 000001 |d 2018-05-15 |o 617.0 H513 |p MD.10381 |r 2018-05-15 |v 75000.00 |w 2018-05-15 |y BK | ||
| 952 | |0 0 |1 0 |2 ddc |4 0 |6 617_000000000000000_H513 |7 0 |9 8158 |a 000001 |b 000001 |d 2018-05-15 |o 617.0 H513 |p MD.10382 |r 2018-05-15 |v 75000.00 |w 2018-05-15 |y BK | ||
| 952 | |0 0 |1 0 |2 ddc |4 0 |6 617_000000000000000_H513 |7 0 |9 15579 |a 000001 |b 000001 |d 2019-02-18 |o 617.0 H513 |p MD.14301 |r 2019-02-18 |v 75000.00 |w 2019-02-18 |y BK | ||
| 952 | |0 0 |1 0 |2 ddc |4 0 |6 617_000000000000000_H513 |7 0 |9 15580 |a 000001 |b 000001 |d 2019-02-18 |l 1 |o 617.0 H513 |p MD.14302 |r 2021-01-06 |s 2020-12-10 |v 75000.00 |w 2019-02-18 |y BK | ||
| 952 | |0 0 |1 0 |2 ddc |4 0 |6 617_000000000000000_H513 |7 0 |9 15581 |a 000001 |b 000001 |d 2019-02-18 |o 617.0 H513 |p MD.14303 |r 2019-02-18 |v 75000.00 |w 2019-02-18 |y BK | ||
| 952 | |0 0 |1 0 |2 ddc |4 0 |6 617_000000000000000_H513 |7 0 |9 15582 |a 000001 |b 000001 |d 2019-02-18 |o 617.0 H513 |p MD.14304 |r 2019-02-18 |v 75000.00 |w 2019-02-18 |y BK | ||
| 952 | |0 0 |1 0 |2 ddc |4 0 |6 617_000000000000000_H513 |7 0 |9 15583 |a 000001 |b 000001 |d 2019-02-18 |o 617.0 H513 |p MD.14305 |r 2019-02-18 |v 75000.00 |w 2019-02-18 |y BK | ||
| 980 | |a Thư viện Trường Đại học Nam Cần Thơ | ||